[Event "Titled Tuesday intern op 25th Apr Early"]
[Site "Chess.com INT"]
[Date "2023.04.25"]
[Round "11"]
[White "Pauly, Carlo"]
[Black "Balla, Tamas Kristof"]
[Result "1-0"]
[WhiteElo "2303"]
[BlackElo "2303"]
[PlyCount "75"]
[EventDate "2023.04.25"]
[EventType "swiss (blitz)"]
[EventRounds "11"]
[EventCountry "USA"]
[SourceTitle "EXT 2024"]
[Source "ChessBase"]
[SourceDate "2023.10.10"]
[SourceVersion "1"]
[SourceVersionDate "2023.10.10"]
[SourceQuality "1"]

1. d4 d5 2. c4 e6 3. Nc3 c5 4. cxd5 exd5 5. Nf3 Nc6 6. dxc5 d4 7. Na4 Bxc5 8. Nxc5 Qa5+ 9. Bd2 Qxc5 10. Rc1 Qb6 11. e3 Nf6 12. Qa4 0-0 13. Nxd4 Qxb2 14. Nxc6 bxc6 15. Qc2 Qe5 16. Bd3 Bb7 17. 0-0 h6 18. h3 Rad8 19. Bb4 Rfe8 20. Bc5 a5 21. Qc3 Qg5 22. Rfd1 Ne4 23. Bxe4 Rxe4 24. Qxa5 Rxd1+ 25. Rxd1 Re5 26. Qd8+ Kh7 27. Qd3+ g6 28. f4 Ba6 29. Qxa6 Qh5 30. fxe5 Qxd1+ 31. Kh2 Qd5 32. Bd6 h5 33. Qa7 h4 34. Qd4 Qxa2 35. Qxh4+ Kg7 36. Be7 g5 37. Qxg5+ Kh7 38. Bf6 1-0

[Event "Titled Tuesday intern op 25th Apr Early"]
[Site "Chess.com INT"]
[Date "2023.04.25"]
[Round "8"]
[White "Skvortsov, Andrei"]
[Black "Pauly, Carlo"]
[Result "1-0"]
[WhiteElo "2313"]
[BlackElo "2303"]
[PlyCount "39"]
[EventDate "2023.04.25"]
[EventType "swiss (blitz)"]
[EventRounds "11"]
[EventCountry "USA"]
[SourceTitle "EXT 2024"]
[Source "ChessBase"]
[SourceDate "2023.10.10"]
[SourceVersion "1"]
[SourceVersionDate "2023.10.10"]
[SourceQuality "1"]

1. d4 Nf6 2. Nf3 g6 3. g4 Nxg4 4. e4 d5 5. e5 c5 6. h3 Nh6 7. dxc5 Nc6 8. Bb5 Bg7 9. Nc3 e6 10. Bg5 Qc7 11. Qd2 Nf5 12. Bf4 0-0 13. 0-0-0 Qa5 14. a3 a6 15. Bd3 Qxc5 16. Bxf5 gxf5 17. Rdg1 Kh8 18. Rxg7 Kxg7 19. Bh6+ Kh8 20. Qg5 1-0

[Event "BL2-West 2223"]
[Site "Germany"]
[Date "2022.11.27"]
[Round "4.7"]
[White "Albrecht, Oliver"]
[Black "Pauly, Carlo"]
[Result "0-1"]
[WhiteElo "2174"]
[BlackElo "2298"]
[PlyCount "70"]
[EventDate "2022.10.22"]
[EventType "team-tourn"]
[EventRounds "10"]
[EventCountry "GER"]
[SourceTitle "EXT 2024"]
[Source "ChessBase"]
[SourceDate "2023.10.10"]
[SourceVersion "1"]
[SourceVersionDate "2023.10.10"]
[SourceQuality "1"]
[WhiteTeam "Siegburg"]
[BlackTeam "Koeln Porz"]
[WhiteTeamCountry "GER"]
[BlackTeamCountry "GER"]

1. Nf3 Nf6 2. c4 g6 3. g3 Bg7 4. Bg2 0-0 5. d4 d6 6. Nc3 Nc6 7. 0-0 a6 8. Qd3 e5 9. dxe5 dxe5 10. Qxd8 Rxd8 11. Bg5 Be6 12. Nd2 Nd4 13. Rfd1 c6 14. e3 Nc2 15. Rac1 Nb4 16. b3 h6 17. Bxf6 Bxf6 18. Nf3 Bf5 19. Ne1 a5 20. e4 Be6 21. a4 Na6 22. Nd3 Rd4 23. Ne2 Rd7 24. h4 Rad8 25. Rc3 Nb4 26. Nec1 g5 27. Bf1 gxh4 28. gxh4 Bxh4 29. Re1 f6 30. Nc5 Rg7+ 31. Bg2 Bc8 32. Kf1 Rd2 33. N5d3 Nc2 34. Re2 Rd1+ 35. Ne1 Nxe1 0-1

[Event "BL2-West 2122"]
[Site "Germany"]
[Date "2022.06.19"]
[Round "8.8"]
[White "Pauly, Carlo"]
[Black "Froembgen, Wolfgang"]
[Result "1-0"]
[WhiteElo "2305"]
[BlackElo "1976"]
[PlyCount "95"]
[EventDate "2022.03.05"]
[EventType "team-tourn"]
[EventRounds "10"]
[EventCountry "GER"]
[SourceTitle "EXT 2023"]
[Source "ChessBase"]
[SourceDate "2022.10.05"]
[SourceVersion "1"]
[SourceVersionDate "2022.10.05"]
[SourceQuality "1"]
[WhiteTeam "Koeln Porz"]
[BlackTeam "Remagen Sinzig"]
[WhiteTeamCountry "GER"]
[BlackTeamCountry "GER"]

1. d4 Nf6 2. c4 e6 3. Nc3 d5 4. Nf3 Be7 5. Bf4 0-0 6. e3 a6 7. c5 Nh5 8. Bd3 f5 9. Be5 Nc6 10. h3 Nxe5 11. Nxe5 Nf6 12. g4 Ne4 13. gxf5 Nxc3 14. bxc3 exf5 15. f4 Be6 16. Qe2 Bf6 17. Kd2 Bxe5 18. fxe5 Qh4 19. Raf1 f4 20. exf4 Rxf4 21. Rxf4 Qxf4+ 22. Qe3 Rf8 23. Qxf4 Rxf4 24. Ke3 Rh4 25. c6 b5 26. Bf1 g5 27. Bg2 Kf8 28. Rf1+ Ke7 29. Rf6 Bf7 30. a3 Be6 31. Kf2 Bf7 32. Rf5 h6 33. Rf6 Be6 34. Bf3 Bf7 35. Bg2 Rf4+ 36. Rxf4 gxf4 37. Kf3 Be8 38. Kxf4 Bxc6 39. Kf5 Bd7+ 40. Kg6 c5 41. dxc5 Ke6 42. Kxh6 Kxe5 43. Kg5 Bf5 44. h4 Be4 45. Bh3 a5 46. h5 a4 47. h6 Bh7 48. c6 1-0

[Event "Maastricht Limburg op 14th"]
[Site "Maastricht"]
[Date "2022.06.06"]
[Round "6"]
[White "Thompson, Ian D"]
[Black "Pauly, Carlo"]
[Result "0-1"]
[WhiteElo "2059"]
[BlackElo "2305"]
[PlyCount "92"]
[EventDate "2022.06.03"]
[EventType "swiss"]
[EventRounds "7"]
[EventCountry "NED"]
[SourceTitle "CBM 208 Extra"]
[Source "ChessBase"]
[SourceDate "2022.07.31"]
[SourceVersion "1"]
[SourceVersionDate "2022.07.31"]
[SourceQuality "1"]

1. c4 Nf6 2. Nc3 g6 3. g3 Bg7 4. Bg2 0-0 5. Nf3 d6 6. 0-0 Nc6 7. Rb1 a5 8. a3 e5 9. d3 Re8 10. Bg5 h6 11. Bxf6 Bxf6 12. b4 axb4 13. axb4 Bg7 14. b5 Ne7 15. Nd2 c6 16. bxc6 bxc6 17. Qc2 Be6 18. Rb7 Rb8 19. Rfb1 Rxb7 20. Rxb7 Qa5 21. Nde4 Nf5 22. e3 d5 23. cxd5 cxd5 24. Rb5 Qa1+ 25. Rb1 Qa3 26. Nb5 Qe7 27. Nd2 Rc8 28. Qa4 h5 29. Nb3 Kh7 30. d4 Rc4 31. Qa3 Rb4 32. Bf1 exd4 33. exd4 Bf8 34. Qa1 Bd7 35. Nc3 Qd6 36. Bg2 Be6 37. Qa8 Rb8 38. Qa5 h4 39. g4 Ne7 40. h3 Bg7 41. Ne2 f5 42. gxf5 Bxf5 43. Rb2 Qb4 44. Qc7 Rb7 45. Qc1 Bh6 46. Qd1 Qa3 0-1

[Event "Maastricht Limburg op 14th"]
[Site "Maastricht"]
[Date "2022.06.04"]
[Round "2"]
[White "Donchenko, Alexander"]
[Black "Pauly, Carlo"]
[Result "1/2-1/2"]
[WhiteElo "2602"]
[BlackElo "2305"]
[PlyCount "99"]
[EventDate "2022.06.03"]
[EventType "swiss"]
[EventRounds "7"]
[EventCountry "NED"]
[SourceTitle "CBM 208 Extra"]
[Source "ChessBase"]
[SourceDate "2022.07.31"]
[SourceVersion "1"]
[SourceVersionDate "2022.07.31"]
[SourceQuality "1"]

1. d4 Nf6 2. c4 g6 3. g3 Bg7 4. Bg2 0-0 5. Nc3 d6 6. Nf3 Nc6 7. 0-0 a6 8. b3 Rb8 9. d5 Na5 10. Bg5 h6 11. Bd2 c5 12. dxc6 Nxc6 13. Rc1 Kh7 14. h3 Bd7 15. Nd5 Nxd5 16. cxd5 Nd4 17. Nxd4 Bxd4 18. Bxh6 Bxf2+ 19. Rxf2 Kxh6 20. Qd4 f6 21. Rcf1 Kg7 22. g4 Qc7 23. g5 Qc5 24. Qxc5 dxc5 25. d6 f5 26. dxe7 Rfe8 27. Rd1 Rxe7 28. Rd6 b5 29. Rxa6 c4 30. Rf3 Bc8 31. Ra5 Rxe2 32. Bf1 Re4 33. a4 Be6 34. b4 bxa4 35. Rxa4 Re1 36. Kf2 Rb1 37. Re3 Rb6 38. Re5 c3 39. Rc5 Rb2+ 40. Ke3 R2xb4 41. Rc7+ Kf8 42. Ra8+ Rb8 43. Rxb8+ Rxb8 44. Kd4 Rc8 45. Rxc8+ Bxc8 46. Kxc3 Kg7 47. Kd4 Bb7 48. Ke5 Bf3 49. h4 Bd1 50. Bd3 1/2-1/2

[Event "BL2-West 2122"]
[Site "Germany"]
[Date "2022.05.01"]
[Round "4.8"]
[White "Lin, Yi1111"]
[Black "Pauly, Carlo"]
[Result "0-1"]
[WhiteElo "2394"]
[BlackElo "2312"]
[PlyCount "112"]
[EventDate "2022.03.05"]
[EventType "team-tourn"]
[EventRounds "10"]
[EventCountry "GER"]
[SourceTitle "EXT 2023"]
[Source "ChessBase"]
[SourceDate "2022.10.05"]
[SourceVersion "1"]
[SourceVersionDate "2022.10.05"]
[SourceQuality "1"]
[WhiteTeam "Dortmund Hansa"]
[BlackTeam "Koeln Porz"]
[WhiteTeamCountry "GER"]
[BlackTeamCountry "GER"]

1. e4 c5 2. Nf3 d6 3. d3 Nc6 4. g3 g6 5. Bg2 Bg7 6. 0-0 e5 7. Nc3 Nge7 8. Be3 0-0 9. Qd2 Nd4 10. Bh6 Bg4 11. Nxd4 Bxh6 12. Qxh6 cxd4 13. Nb1 Rc8 14. Na3 f6 15. Bh3 Qd7 16. Bxg4 Qxg4 17. Qd2 Qe6 18. Qb4 d5 19. f3 a6 20. Rae1 Rc7 21. Qb3 Rc6 22. exd5 Nxd5 23. Nc4 b5 24. Na5 Rb6 25. f4 Ne3 26. Rf2 Rc8 27. fxe5 fxe5 28. c3 Qxb3 29. Nxb3 Ng4 30. Rfe2 dxc3 31. bxc3 Rxc3 32. d4 exd4 33. Re8+ Kf7 34. Nxd4 Rd3 35. R8e7+ Kf6 36. Rd7 Ne3 37. Rxh7 Rd6 38. Ne2 Rd1 39. Rxd1 Rxd1+ 40. Kf2 Ng4+ 41. Kf3 Ne5+ 42. Ke3 Rd3+ 43. Ke4 Ra3 44. Nc1 Rc3 45. Nb3 Nf7 46. Kd4 Rc2 47. Nc5 Rd2+ 48. Kc3 Rxa2 49. Ne4+ Ke5 50. Nc5 Ng5 51. Ra7 Kd5 52. Nd3 Ne4+ 53. Kb3 Rxh2 54. Nf4+ Kd4 55. Nxg6 Nc5+ 56. Kb4 Ra2 0-1

[Event "Titled Tuesday intern op 27th July"]
[Site "Chess.com INT"]
[Date "2021.07.27"]
[Round "9"]
[White "Oro, Luis"]
[Black "Pauly, Carlo"]
[Result "0-1"]
[WhiteElo "2255"]
[BlackElo "2277"]
[PlyCount "64"]
[EventDate "2021.07.27"]
[EventType "swiss (blitz)"]
[EventRounds "11"]
[EventCountry "USA"]
[SourceTitle "CBM 203 Extra"]
[Source "ChessBase"]
[SourceDate "2021.09.30"]
[SourceVersion "1"]
[SourceVersionDate "2021.09.30"]
[SourceQuality "1"]

1. e4 c5 2. Nf3 d6 3. d4 cxd4 4. Nxd4 Nf6 5. Nc3 a6 6. f3 e6 7. Be3 Nbd7 8. Qd2 b5 9. g4 Nb6 10. h4 Qc7 11. h5 h6 12. 0-0-0 b4 13. Nb1 Bd7 14. Be2 d5 15. e5 Nh7 16. f4 Be7 17. f5 Ng5 18. Bf4 Ne4 19. Qe3 Bg5 20. Bxg5 hxg5 21. fxe6 fxe6 22. Bf3 Nc4 23. Qb3 Qxe5 24. Bxe4 Qxe4 25. Rhe1 Qf4+ 26. Nd2 Qxd4 27. Nxc4 Qxc4 28. Qh3 Rc8 29. Rd2 Qxa2 30. Kd1 Qxb2 31. Qe3 0-0 32. Qxg5 Bb5 0-1

[Event "Titled Tuesday intern op 02nd Feb"]
[Site "Chess.com INT"]
[Date "2021.02.02"]
[Round "6"]
[White "Pauly, Carlo"]
[Black "Bouget, Alexandre"]
[Result "1-0"]
[WhiteElo "2277"]
[BlackElo "2247"]
[PlyCount "71"]
[EventDate "2021.02.02"]
[EventType "swiss (blitz)"]
[EventRounds "11"]
[EventCountry "USA"]
[SourceTitle "CBM 200 Extra"]
[Source "ChessBase"]
[SourceDate "2021.03.31"]
[SourceVersion "1"]
[SourceVersionDate "2021.03.31"]
[SourceQuality "1"]

1. d4 Nf6 2. c4 g6 3. f3 d5 4. cxd5 Nxd5 5. e4 Nb6 6. Nc3 Bg7 7. Be3 0-0 8. Qd2 Nc6 9. 0-0-0 e5 10. d5 Nd4 11. f4 Bg4 12. Re1 c5 13. h3 Qh4 14. g3 Qh5 15. Rh2 Bd7 16. g4 Qh4 17. f5 Qd8 18. h4 Na4 19. h5 Nxc3 20. Qxc3 b5 21. Kb1 b4 22. Qd2 b3 23. a3 Nc2 24. Bh6 Nxe1 25. Bxg7 Kxg7 26. hxg6 fxg6 27. Qh6+ Kf6 28. g5+ Ke7 29. Qxh7+ Kd6 30. Qxg6+ Kc7 31. Rh6 Be8 32. Qa6 Qxg5 33. Qa5+ Kd7 34. Bb5+ Ke7 35. Qc7+ Bd7 36. Qxd7# 1-0

[Event "Titled Tuesday intern op 02nd Feb"]
[Site "Chess.com INT"]
[Date "2021.02.02"]
[Round "7"]
[White "Pauly, Carlo"]
[Black "Janaszak, Dawid"]
[Result "0-1"]
[WhiteElo "2277"]
[BlackElo "2348"]
[PlyCount "118"]
[EventDate "2021.02.02"]
[EventType "swiss (blitz)"]
[EventRounds "11"]
[EventCountry "USA"]
[SourceTitle "CBM 200 Extra"]
[Source "ChessBase"]
[SourceDate "2021.03.31"]
[SourceVersion "1"]
[SourceVersionDate "2021.03.31"]
[SourceQuality "1"]

1. d4 Nf6 2. c4 c5 3. d5 b5 4. cxb5 a6 5. bxa6 Bxa6 6. Nc3 d6 7. f4 g6 8. Nf3 Bg7 9. e4 Bxf1 10. Rxf1 0-0 11. Kf2 Qb6 12. Kg1 Na6 13. Kh1 c4 14. Qe2 Rfc8 15. e5 Ne8 16. Be3 Nc5 17. Bd4 Rab8 18. Rab1 Qa6 19. f5 Nd3 20. e6 f6 21. fxg6 hxg6 22. Qe4 f5 23. Qh4 Ne5 24. Ng5 Nf6 25. Nf7 Nxf7 26. exf7+ Kxf7 27. Bxf6 exf6 28. Rfe1 Re8 29. Qf2 Re5 30. b3 cxb3 31. Rxb3 Rxb3 32. axb3 Qd3 33. Ne2 Qxb3 34. Nf4 Qb6 35. Qf1 Bh6 36. Rb1 Qe3 37. Rb7+ Re7 38. Rxe7+ Qxe7 39. Ne6 Qa7 40. h3 Qe3 41. Qb1 Qc1+ 42. Qxc1 Bxc1 43. Kg1 f4 44. Kf2 g5 45. Kf3 Kg6 46. Nd8 Kf5 47. Nf7 Ba3 48. Nh6+ Ke5 49. Kg4 Kxd5 50. Kf5 Kc4 51. Ng4 Bb2 52. Nxf6 Bxf6 53. Kxf6 d5 54. Kxg5 d4 55. h4 d3 56. h5 d2 57. h6 d1Q 58. h7 Qd4 59. Kg6 Qh8 0-1

[Event "Titled Tuesday intern op 02nd Feb"]
[Site "Chess.com INT"]
[Date "2021.02.02"]
[Round "10"]
[White "Pauly, Carlo"]
[Black "Shtyka, Sergey"]
[Result "0-1"]
[WhiteElo "2277"]
[BlackElo "2175"]
[PlyCount "102"]
[EventDate "2021.02.02"]
[EventType "swiss (blitz)"]
[EventRounds "11"]
[EventCountry "USA"]
[SourceTitle "CBM 200 Extra"]
[Source "ChessBase"]
[SourceDate "2021.03.31"]
[SourceVersion "1"]
[SourceVersionDate "2021.03.31"]
[SourceQuality "1"]

1. d4 c5 2. d5 e5 3. e4 d6 4. Be2 Be7 5. Nf3 Nf6 6. Nc3 Bg4 7. Nd2 Bxe2 8. Qxe2 0-0 9. 0-0 Nbd7 10. a4 Ne8 11. b3 Bg5 12. Nc4 Bxc1 13. Rfxc1 Qe7 14. Rcb1 g6 15. a5 f5 16. b4 cxb4 17. Rxb4 Nc5 18. exf5 gxf5 19. Na4 Nxa4 20. Raxa4 Nf6 21. Ne3 Ne4 22. Nxf5 Rxf5 23. Rxe4 Raf8 24. f3 Kh8 25. Rab4 Qf7 26. c4 Rg8 27. Kh1 Qc7 28. Rb5 Rfg5 29. g4 R5g7 30. Qb2 h5 31. h3 hxg4 32. hxg4 Qe7 33. Kg2 Rh7 34. Qf2 Qg5 35. c5 Rg6 36. cxd6 Rgh6 37. Kf1 Rh2 38. Qe3 Qh4 39. d7 Rh1+ 40. Ke2 Re1+ 41. Kd2 Rxe3 42. Kxe3 Qe1+ 43. Kd3 Qd1+ 44. Kc4 Qc2+ 45. Kb4 Rxd7 46. Rc5 Qd2+ 47. Kc4 Qc1+ 48. Kb5 Qb2+ 49. Kc4 Kg7 50. f4 exf4 51. Rxf4 Qc1+ 0-1

[Event "EU-ch Online U2300 Qual"]
[Site "Chess.com INT"]
[Date "2020.05.25"]
[Round "6"]
[White "Pauly, Carlo"]
[Black "Injac, Teodora"]
[Result "0-1"]
[WhiteElo "2277"]
[BlackElo "2286"]
[PlyCount "68"]
[EventDate "2020.05.25"]
[EventType "swiss"]
[EventRounds "8"]
[EventCountry "NET"]
[SourceTitle "EXT 2021"]
[Source "ChessBase"]
[SourceDate "2020.10.23"]
[SourceVersion "1"]
[SourceVersionDate "2020.10.23"]
[SourceQuality "1"]

1. d4 Nf6 2. c4 g6 3. f3 Bg7 4. e4 d6 5. Nc3 0-0 6. Nge2 a6 7. Be3 Nbd7 8. Ng3 c5 9. d5 Ne5 10. h3 b5 11. cxb5 axb5 12. Bxb5 Ba6 13. Bxa6 Rxa6 14. Qe2 Rb6 15. 0-0 Qb8 16. b3 h5 17. Rac1 Ned7 18. f4 Rb4 19. e5 dxe5 20. f5 h4 21. Nh1 e4 22. fxg6 fxg6 23. Nf2 Ne5 24. Kh1 Ned7 25. Qa6 Kh7 26. Qe2 Nh5 27. Nfxe4 Bxc3 28. Rxf8 Nxf8 29. Qg4 Rxe4 30. Qg5 Ng3+ 31. Kg1 Ne2+ 32. Kh1 Nxc1 33. d6 Qxd6 34. Qh6+ Kg8 0-1

[Event "EU-ch Online U2300 Qual"]
[Site "Chess.com INT"]
[Date "2020.05.25"]
[Round "1"]
[White "Pauly, Carlo"]
[Black "Lahdelma, Henri"]
[Result "0-1"]
[WhiteElo "2277"]
[BlackElo "2264"]
[PlyCount "72"]
[EventDate "2020.05.25"]
[EventType "swiss"]
[EventRounds "8"]
[EventCountry "NET"]
[SourceTitle "EXT 2021"]
[Source "ChessBase"]
[SourceDate "2020.10.23"]
[SourceVersion "1"]
[SourceVersionDate "2020.10.23"]
[SourceQuality "1"]

1. d4 d5 2. c4 c6 3. Nf3 e6 4. e3 Nd7 5. Nc3 Ngf6 6. Qc2 Bd6 7. Bd3 dxc4 8. Bxc4 b5 9. Bd3 0-0 10. 0-0 Bb7 11. e4 e5 12. dxe5 Nxe5 13. Nxe5 Bxe5 14. h3 Bd4 15. Ne2 Bb6 16. e5 Nd7 17. Bxh7+ Kh8 18. Bf5 Nxe5 19. Bf4 Qf6 20. Be4 Rfe8 21. Rae1 Rad8 22. Bd2 Nc4 23. Bc3 Qg5 24. Kh1 Nd2 25. f4 Qe7 26. Bxd2 Qxe4 27. Qxe4 Rxe4 28. Nc3 Rxe1 29. Bxe1 b4 30. Bh4 Rd2 31. Na4 Bd4 32. Re1 c5 33. Re8+ Kh7 34. Rb8 Bxg2+ 35. Kh2 Bc6+ 36. Kg3 Rg2# 0-1

[Event "EU-ch Online U2300 Qual"]
[Site "Chess.com INT"]
[Date "2020.05.25"]
[Round "3"]
[White "Pauly, Carlo"]
[Black "Shapiro, David"]
[Result "1-0"]
[WhiteElo "2277"]
[BlackElo "2392"]
[PlyCount "85"]
[EventDate "2020.05.25"]
[EventType "swiss"]
[EventRounds "8"]
[EventCountry "NET"]
[SourceTitle "EXT 2021"]
[Source "ChessBase"]
[SourceDate "2020.10.23"]
[SourceVersion "1"]
[SourceVersionDate "2020.10.23"]
[SourceQuality "1"]

1. d4 d5 2. c4 e6 3. Nc3 Nf6 4. Nf3 a6 5. c5 b6 6. cxb6 c5 7. dxc5 Bxc5 8. Na4 Bxb6 9. Nxb6 Qxb6 10. e3 Nc6 11. Be2 0-0 12. 0-0 Ne4 13. Bd3 a5 14. Nd2 Nc5 15. Be2 Ba6 16. b3 Nb4 17. Bb2 a4 18. Bxa6 Qxa6 19. Qg4 e5 20. Qxb4 Nd3 21. Qa3 Rfc8 22. Nf3 axb3 23. Qxa6 Rxa6 24. axb3 Re6 25. Ba3 Rb8 26. Rfb1 f6 27. Kf1 Rc6 28. Ne1 Rc3 29. Nxd3 Rxd3 30. b4 Rb5 31. Ke2 Rc3 32. Rc1 Rb3 33. Rc5 Rb7 34. Rxd5 e4 35. Ra5 Rc7 36. Ra2 Rb1 37. Rd2 Kf7 38. b5 Rb7 39. Rd5 Rc7 40. Bc5 Rc1 41. b6 Rc6 42. Rb5 Rc2+ 43. Kd1 1-0

[Event "EU-ch Online U2300 Qual"]
[Site "Chess.com INT"]
[Date "2020.05.25"]
[Round "7"]
[White "Pavlidou, Ekaterini"]
[Black "Pauly, Carlo"]
[Result "1-0"]
[WhiteElo "2170"]
[BlackElo "2277"]
[PlyCount "97"]
[EventDate "2020.05.25"]
[EventType "swiss"]
[EventRounds "8"]
[EventCountry "NET"]
[SourceTitle "EXT 2021"]
[Source "ChessBase"]
[SourceDate "2020.10.23"]
[SourceVersion "1"]
[SourceVersionDate "2020.10.23"]
[SourceQuality "1"]

1. d4 Nf6 2. c4 g6 3. Nc3 Bg7 4. e4 d6 5. Bd3 0-0 6. Nge2 c5 7. d5 e6 8. h3 exd5 9. cxd5 a6 10. a4 Re8 11. 0-0 Qc7 12. Bf4 Nbd7 13. Bc2 Rb8 14. a5 b5 15. axb6 Rxb6 16. Ra2 Ne5 17. b3 Rb4 18. f3 a5 19. Nc1 Nh5 20. Bxe5 Bxe5 21. N3e2 Ba6 22. Bd3 Bd4+ 23. Kh1 Bxd3 24. Nxd3 Rb7 25. g4 Nf6 26. Qc2 Qb6 27. Rb1 h5 28. Kg2 Kg7 29. Ra4 Rbe7 30. Nxd4 cxd4 31. Nf2 hxg4 32. hxg4 Nd7 33. Qd2 Ne5 34. Rxd4 Rc7 35. Ra4 Rec8 36. Rh1 Rc2 37. Qh6+ Kf6 38. Qh4+ g5 39. Qg3 R8c3 40. Rh6+ Ke7 41. Qxe5+ Kd7 42. Qf5+ Ke8 43. Rh8+ Ke7 44. Qxg5+ Kd7 45. Qh4 Re2 46. Rc4 Rxc4 47. bxc4 a4 48. Rf8 Kc7 49. Qe7# 1-0

[Event "EU-ch Online U2300 Qual"]
[Site "Chess.com INT"]
[Date "2020.05.25"]
[Round "4"]
[White "Zverev, Lev"]
[Black "Pauly, Carlo"]
[Result "1-0"]
[WhiteElo "2087"]
[BlackElo "2277"]
[PlyCount "126"]
[EventDate "2020.05.25"]
[EventType "swiss"]
[EventRounds "8"]
[EventCountry "NET"]
[SourceTitle "EXT 2021"]
[Source "ChessBase"]
[SourceDate "2020.10.23"]
[SourceVersion "1"]
[SourceVersionDate "2020.10.23"]
[SourceQuality "1"]

1. e4 c5 2. Nf3 d6 3. d4 cxd4 4. Nxd4 Nf6 5. Nc3 a6 6. Bg5 Nbd7 7. f4 Qa5 8. Qd2 h6 9. Bxf6 Nxf6 10. 0-0-0 e6 11. Kb1 Bd7 12. Nb3 Qc7 13. Bd3 Be7 14. Qe2 e5 15. fxe5 dxe5 16. Nd5 Nxd5 17. exd5 0-0 18. g4 a5 19. h4 a4 20. Nd2 a3 21. Nc4 Qc5 22. Qxe5 axb2 23. d6 Qa7 24. a3 Bf6 25. Qe4 g6 26. h5 Rae8 27. Qf3 Bg7 28. hxg6 fxg6 29. Qd5+ Be6 30. Qa5 Qxa5 31. Nxa5 Ra8 32. Bc4 Rxa5 33. Bxe6+ Kh7 34. Rh3 Rfa8 35. d7 Bf6 36. Rf1 Bg7 37. Rd1 Bf6 38. Ba2 Rd8 39. Rf3 Kg7 40. Rd6 Bg5 41. Rf7+ Kh8 42. Re6 Raa8 43. Rxg6 Rf8 44. Rxf8+ Rxf8 45. Kxb2 Kh7 46. Re6 Rd8 47. Rd6 Be7 48. Rd3 Kg7 49. Be6 Kf6 50. Bf5 h5 51. Re3 h4 52. Re6+ Kf7 53. Rh6 Bf6+ 54. Kb3 Ke7 55. Kc4 Rh8 56. Rxh8 Bxh8 57. g5 Be5 58. Kb5 Bc7 59. a4 Kd6 60. g6 Ke7 61. a5 Kf6 62. Be4 Ke7 63. Bxb7 Kxd7 1-0

[Event "BL2-West 1920"]
[Site "Germany"]
[Date "2020.01.19"]
[Round "5.8"]
[White "Pauly, Carlo"]
[Black "Siebenhaar, Erich"]
[Result "1-0"]
[WhiteElo "2265"]
[BlackElo "2025"]
[PlyCount "113"]
[EventDate "2019.09.19"]
[EventType "team-tourn"]
[EventRounds "9"]
[EventCountry "GER"]
[SourceTitle "EXT 2023"]
[Source "ChessBase"]
[SourceDate "2022.10.05"]
[SourceVersion "1"]
[SourceVersionDate "2022.10.05"]
[SourceQuality "1"]
[WhiteTeam "Koeln Porz"]
[BlackTeam "Schott Mainz"]
[WhiteTeamCountry "GER"]
[BlackTeamCountry "GER"]

1. d4 g6 2. c4 Bg7 3. Nf3 d6 4. g3 Nc6 5. Bg2 e5 6. d5 Nce7 7. Nc3 h6 8. 0-0 f5 9. e4 Nf6 10. exf5 gxf5 11. Nh4 c5 12. dxc6 bxc6 13. b3 0-0 14. Ba3 Ne8 15. Qd2 Rb8 16. Rad1 Rf6 17. Rfe1 Qc7 18. f4 Ng6 19. Nxg6 Rxg6 20. c5 d5 21. fxe5 Bxe5 22. Rxe5 Qxe5 23. Re1 Qf6 24. Rxe8+ Kf7 25. Re1 Bd7 26. Bb2 Qg5 27. Qd4 Re8 28. Rxe8 Kxe8 29. Ne2 Kd8 30. Nf4 Rg8 31. Bxd5 cxd5 32. Qxd5 Rg6 33. Nxg6 Qxg6 34. Qa8+ Ke7 35. Be5 f4 36. Qd5 Qb1+ 37. Kg2 Qxa2+ 38. Kf3 Qxh2 39. Qd6+ Ke8 40. Qg6+ Kd8 41. Qf6+ Ke8 42. Qh8+ Ke7 43. Qg7+ Ke8 44. Qg8+ Ke7 45. Bd6+ Kf6 46. Qd8+ Kg6 47. Qxd7 Qxg3+ 48. Ke4 Qe3+ 49. Kd5 Qxb3+ 50. Kc6 f3 51. Qg4+ Kf6 52. Qf4+ Kg6 53. Qe4+ Kf6 54. Be5+ Kg5 55. Bf4+ Kh5 56. Be3 Qf7 57. Qd5+ 1-0

[Event "Oberliga NRW 1819"]
[Site "Germany"]
[Date "2018.09.16"]
[Round "1.7"]
[White "Pauly, Carlo"]
[Black "Maly, Alexey"]
[Result "1/2-1/2"]
[WhiteElo "2298"]
[BlackElo "2343"]
[PlyCount "103"]
[EventDate "2018.09.16"]
[EventType "team-tourn"]
[EventRounds "9"]
[EventCountry "GER"]
[SourceTitle "EXT 2020"]
[Source "ChessBase"]
[SourceDate "2019.10.17"]
[SourceVersion "1"]
[SourceVersionDate "2019.10.17"]
[SourceQuality "1"]
[WhiteTeam "Koeln Porz"]
[BlackTeam "Siegburg"]
[WhiteTeamCountry "GER"]
[BlackTeamCountry "GER"]

1. Nf3 d5 2. c4 e6 3. e3 Nf6 4. Nc3 dxc4 5. Bxc4 a6 6. 0-0 b5 7. Be2 Bb7 8. d4 Nbd7 9. a3 c5 10. dxc5 Bxc5 11. b4 Be7 12. Qb3 0-0 13. Rd1 Qb6 14. e4 Rad8 15. Be3 Qc7 16. Nd4 Ne5 17. f3 Rd7 18. Rac1 Qb8 19. a4 bxa4 20. Nxa4 Rc7 21. Nxe6 fxe6 22. Qxe6+ Nf7 23. Nc5 Bc8 24. Qb3 Rc6 25. Bc4 Rb6 26. Nd3 Rb5 27. e5 Ne8 28. Bxb5 axb5 29. e6 Nfd6 30. Bc5 Rf6 31. Re1 Kf8 32. Ne5 Qb7 33. Ng4 Rg6 34. Qd3 Bxe6 35. Ne5 Rh6 36. Be3 Bf5 37. Qd4 Re6 38. Nc6 Bf6 39. Qd5 Nc7 40. Qc5 Na6 41. Qd5 Nc7 42. Qd1 Nce8 43. Nd4 Bxd4 44. Qxd4 Kg8 45. Bf4 Nc4 46. Qc5 Rxe1+ 47. Rxe1 Bg6 48. Kh1 Bf7 49. h3 Qd7 50. Kh2 Be6 51. Re4 Nf6 52. Re1 1/2-1/2

[Event "Pardubice Czech op-A 29th"]
[Site "Pardubice"]
[Date "2018.07.28"]
[Round "9"]
[White "Ungurs, Edgars"]
[Black "Pauly, Carlo"]
[Result "1-0"]
[WhiteElo "2191"]
[BlackElo "2312"]
[PlyCount "69"]
[EventDate "2018.07.20"]
[EventType "swiss"]
[EventRounds "9"]
[EventCountry "CZE"]
[SourceTitle "CBM 185 Extra"]
[Source "ChessBase"]
[SourceDate "2018.07.29"]
[SourceVersion "1"]
[SourceVersionDate "2018.07.29"]
[SourceQuality "1"]

1. d4 g6 2. Nf3 Bg7 3. e4 d6 4. c3 c5 5. dxc5 dxc5 6. Qxd8+ Kxd8 7. Bc4 Ke8 8. Ng5 e6 9. f4 Bd7 10. a4 h6 11. Nh3 Bc6 12. Bb5 Nf6 13. Nf2 Ke7 14. Be3 b6 15. Nd2 a6 16. Bxc6 Nxc6 17. a5 Rhd8 18. Nc4 Nd7 19. Nxb6 Rab8 20. e5 Ke8 21. Ne4 Nxb6 22. axb6 Rxb6 23. Bxc5 Rxb2 24. Nd6+ Rxd6 25. Bxd6 Rxg2 26. Rxa6 Kd7 27. Rb6 Nd8 28. h4 f6 29. Rh3 fxe5 30. fxe5 Rg4 31. Rd3 Bh8 32. Rb8 Nf7 33. Rb7+ Ke8 34. Re7+ Kf8 35. Rf3 1-0